00389 a2200109 4500001001000000005001700010008004100027245011200068100002600180773005600206999001700262ART_5976820260410161801.0260409a 10aApuntes sobre la responsabilidad penal del socio no administrador por los delitos tributarios de la empresa1 aRobiglio, Carolina L.0 tDoctrina tributariag- N° 524 (nov. 2023)wREV4296 c20599d20599